000 00660nam a2200217 i 4500
001 87228
003 ES-MaACL
005 20260213164414.0
007 t|
008 041220s1953 sp ||||1| spa d
100 1 _aKnittel, John.
_968354
245 1 3 _aEl comandante /
_cJohn Knittel ; [traducción del alemán por Heriberto J. Salas].
250 _a[1ª ed.].
260 _a[Barcelona] :
_bJosé Janés,
_c1953 (
_fC. Puig)
300 _a180 p. ;
_c20 cm.
490 1 _aLos escritores de ahora
700 1 _aSalas, Heriberto J.
_9101731
830 0 _aLos escritores de ahora
_9182057
852 _aES-MaACL
_jC-7877
_bR.35745
999 _c87228
_d87228